Adivina todas las canciones de Milo J - Estadísticas

Estadísticas generales
  • Esta prueba ha sido intentada 2.627 veces
    216 desde el último reinicio
  • La puntuación promedio es 57 de 86
Estadísticas de respuestas
Feats 511 % Correcto
Trueno Gil
91%
Peso Pluma UNA BALA
89%
Bizarrap Fruto
88%
Nicki Nicole DISPARA ***
86%
Yami Sfadie El Bolero
86%
. 3 PECADOS DESPUES
85%
Silvio Rodríguez Luciérnagas
85%
. Niño
85%
AKRIILA Llora Llora
84%
. M.A.I
82%
Radamel Radamel
81%
Nicki Nicole ALUMBRE
80%
. Bajo De La Piel
79%
Bizarrap No soy Eterno
79%
Yami Sfadie CARENCIAS DE CORDURA
78%
Trueno PUMAS
78%
Bhavi, Tiago PZK, +3 BESAME REMIX
77%
Mercedes Sosa Jangadero
77%
Soledad Lucia
77%
. OLIMPO
77%
Bizarrap Penas de Antaño
77%
. RETIRADA
77%
Cuti & Roberto Carbajal El Invisible
76%
. FLA
76%
. Ama De Mi Sol
75%
. La Vida Era Más Corta
75%
Paula Prieto MmmM
75%
Bhavi OJALA
74%
. Solifican12
74%
Bizarrap Toy en el Mic
74%
. A1RE
73%
Munic HB NO NO
73%
. I´AM
72%
. Tus Vueltas
72%
Garena Free Fire ASHE ASHE
71%
. NO HAGO TRAP
71%
Tini LO QUE ME CAUSA
70%
. TU MANTA
70%
. Recordé
69%
Little Boggie VOY A DISPARARME
69%
. ANTES DE LOS 20
68%
. Cuando El Agua Hirviendo
68%
Keloke, CRTrap DIGAN
68%
. DOM1NGO
68%
Morad LA TOLA Y EL VELERO
68%
. Rara Vez
68%
. AL BORDE
67%
. PARAISO(daña)
66%
. NI CARLOS NI JOSE
65%
. ALIOLI
64%
. A VOS
64%
Cerounno LA TORTURA
64%
. SANGRE PARA DERRAMAR
63%
. SINCERA TE
62%
Bhavi, Duki, +1 AEROBICO REMIX
61%
Lit Killah Carta De Despedida
61%
. DAÑA (ELVIRA)
61%
. Milagrosa
61%
YSY A, Bhavi FLECHAZO EN EL CENTRO
60%
. HIPPIE
60%
. buen dia portacion de rostro
59%
Yaritza y Su Esencia TE FUI A SEGUIR
59%
Duki Vida De Rock
59%
. 511 (INTERLUDIO)
58%
Bizarrap BZRP Music Sessions #57
58%
. NO MUCHO
58%
. Morocha
57%
. DESEO PERDER
56%
Foco Foking Valores del West
53%
Eladio Carrión La Cancion Feliz Del Disco
52%
. Al Sol
50%
AFTER, Akim 88 No Estoy
50%
. TOI HECHO
50%
. Rincon
49%
. MORNING
48%
. Vudu
48%
Foco Foking mi ultimo peso
47%
Khea NUNCA VOY SOLO
45%
Rei Semillero
44%
. Tu Paz
44%
. VITALICIO
41%
. Cuando Estas Vos
39%
Turf Pasos Al Costado
39%
Keloke Vainas
37%
. 1708
36%
INDICA MIKI Sessions #02
29%
No se encontraron pruebas coincidentes
Distribución de puntuación
Porcentaje de gente con cada puntuación
Porcentaje por número respondido
Historial de tus puntuaciones
No has intentado esta prueba desde el último reinicio